00732nam a2200241 a 4500001001300000003000900013005001700022008004100039020001000080082001600090100002000106245005100126260004700177300000900224500003500233505002300268650003000291700002000321902000800341942000700349952011700356999001700473nice12345678IN_TiNIC20260116013850.0050524s1969 chia grp 000 0 eng  ac50000a340.59bCOU aCoulson, Noel J aConflict and Tensions in Islamic Jurisprudence aChicagobUniversity of Chicago Pressc1969 a118p aincludes index and biblioraphy2 aConclussion, Notes aIslamic-Law Jurisprudence1 aCoulson, Noel J bSRS cBK 001040708StackRoom-aHMIbHMId2008-02-12g500.00l0o340.59 COUp019336r2008-02-12v500.00w2005-05-24yBK c12852d12852